00386 a2200109 4500001001000000005001700010008004100027245007200068100003900140773008000179999001700259ART_6377320260410161814.0260409a 10aEl derecho societario como instrumento de planificación sucesoria1 aMonteleone Lanfranco, Alejandro P.0 tDoctrina Societaria y Concursalg- Nº 446 (dic. 2025 / ene. 2026)wREV4298 c21691d21691